000 00551nam a2200181 a 4500
001 000016378
005 20200929164410.0
008 100304s1975 dr 000 0 spa d
040 _aDO-SdBNP
_bspa
_cBNPHU
082 _axxx
_bC117m
100 1 _aCabrera S., J. R.
_936523
245 1 0 _aMetodos y formulas matemáticos :
_bpara estudiantes de ciencias e ingenieria /
_cJ. R. Cabrera.
260 _aSanto Domingo :
_bEducativa Dominicana,
_c1975.
300 _a43 p. ;
_c19 cm.
490 1 _aFormulario
830 0 _aFormulario
_936524
049 _aBNPD
999 _c15913
_d15913